Fr. Conceicao Rodrigues College of Engineering

International Journal of fuzzy and design (Record no. 35875)

MARC details
000 -LEADER
fixed length control field 00283nam a2200121 4500
003 - CONTROL NUMBER IDENTIFIER
control field OSt
005 - DATE AND TIME OF LATEST TRANSACTION
control field 20230717142145.0
008 - FIXED-LENGTH DATA ELEMENTS--GENERAL INFORMATION
fixed length control field 230707b |||||||| |||| 00| 0 eng d
028 ## - PUBLISHER OR DISTRIBUTOR NUMBER
Source Apex
040 ## - CATALOGING SOURCE
Transcribing agency Apex
245 ## - TITLE STATEMENT
Title International Journal of fuzzy and design
942 ## - ADDED ENTRY ELEMENTS (KOHA)
Source of classification or shelving scheme Dewey Decimal Classification
Suppress in OPAC No
Koha item type BOOK
Serial record flag 1
Holdings
Withdrawn status Lost status Source of classification or shelving scheme Damaged status Not for loan Collection Home library Current library Date acquired Total Checkouts Date last seen Price effective from Koha item type
    Dewey Decimal Classification     CRC Fr. Agnel's C.Rodrigues- College of Engineering Fr. Agnel's C.Rodrigues- College of Engineering 07/07/2023   07/07/2023 07/07/2023 Fr. Agnel's C.Rodrigues College of Engineering